Statistics for Gymnasts and their Countries

Click here to take the quiz!

General Stats

  • This quiz has been taken 174 times
  • The average score is 30 of 46

Answer Stats

HintAnswer% Correct
Gabrielle DouglasUnited States
98%
Yang YilinChina
97%
Beth TweddleGreat Britain
95%
Anna PavlovaRussia
93%
Koko TsurumiJapan
91%
Vanessa FerrariItaly
89%
Hong Un JongNorth Korea
89%
Jade BarbosaBrazil
88%
Ludivine FurnonFrance
87%
Lavinia MilosoviciRomania
85%
Daria BijakGermany
84%
Elsa GarciaMexico
83%
Patricia MorenoSpain
83%
Lauren MitchellAustralia
82%
Yvonne TousekCanada
80%
Yana DemyanchukUkraine
78%
Henrietta OnodiHungary
74%
Sasa GolobSlovakia
71%
Oksana OmelianchikSoviet Union
71%
Svetlana Boguinskaya (1993-1996)Belarus
69%
Jonna AdlertagSweden
69%
Phan Thi Ha ThanhVietnam
69%
Marta Pihan KuleszaPoland
68%
Ariella KaeslinSwitzerland
65%
Gaelle MysBelgium
63%
Oksana Chusovitina (1993-2006)Uzbekistan
62%
Valeria PereyraArgentina
61%
Annika UrvikkoFinland
61%
Stefani BismpikouGreece
61%
Zoi LimaPortugal
61%
Ralitsa MilevaBulgaria
57%
Vera CaslavskaCzechoslovakia
57%
Wyomi MaselaNetherlands
57%
Jessica LopezVenezuela
57%
Jessica Gil OrtizColombia
54%
Kristyna PalesovaCzech Republic
45%
Tina ErcegCroatia
43%
Sherine El ZeinyEgypt
42%
Maria HomolovaSlovenia
41%
Laura SvilpaiteLithuania
40%
Yamilet PenaDominican Republic
38%
Moldir AzimbayKazakhstan
37%
Valeria MaksyutaIsrael
34%
Ana Sofia GomezGuatemala
32%
Heem Wei LimSingapore
31%
Hiu Ying Angel WongHong Kong
25%

Score Distribution

Percentile by Number Answered

Percent of People with Each Score

Your Score History

You have not taken this quiz